000 01082nam a2200277 c 4500
001 000030437
003 RuMoIPM
005 20260429112747.0
008 230210s1937 ru ||||||| |||| ||rus d
035 _a(RuMoBEN) 002036585
035 _a(ELAR retro) [2022] 000132714
040 _aRuMoBEN
_brus
_ercr
041 0 _arus
_hlat
044 _aru
080 _a51
100 1 _aНьютон, Исаак
245 1 0 _aМатематические работы
_cИсаак Ньютон ; пер. с лат., ввод. ст. и коммент. Д. Д. Мордухай-Болтовского
260 _aМосква
_aЛенинград
_bОНТИ НКТП СССР
_c1937
300 _aXV, 452, [1] с., [6] л. портр., табл., факс.
_bил., табл.
490 0 _aКлассики естествознания
500 _aДоп. тит. л. 1744 г.
504 _aБиблиогр. в подстроч. примеч.
555 _aПредм. указ.: с. 419-421
700 1 _aМордухай-Болтовский, Д. Д.
_eпер.
942 _cBK
999 _c30437
_d30437